00596nam a2200169Ia 4500008004100000020001800041041000800059082001600067100004200083245003500125250001600160260004000176300001500216906001400231999001700245952016400262220530s9999 xx 000 0 und d a9788177869132 aeng a155.25bZEN aZende, Jayprakash, Bhalchandra958552 aPersonality Delelopment Course a1st Edition aAurangabadbSaket Publicationc2014 a158 P.bPB a36.75bGB c52668d52668 001040708Non Technical aCEWNbCEWNd2016-05-05eFamous book Centreg175.00o155.25/ZEN/ pCEWN-BK-7829r2022-05-30 00:00:00v138.25w2022-05-30yBKz007829